00935naa a22001817i 45000010005000000030009000050050017000140080040000310400026000710410008000971000162001052450098002677000144003657110070005097730146005799420013007259990015007388650KOSZ 00520180405091740.0160308s2009 au ||||| ||||0|| ||eng  cKOSZ 005dKOSZ 005/EG0 aeng1 aKATZER, Jacek.d1999 - 2012.bPolitechnika Koszalińska - Wydział Budownictwa i Inżynierii Środowiska,cKatedra Budownictwa i Materiałów Budowlanych10aStatistical modeling of SFRCC subjected to a drop-weight test /cJacek Katzer, Janusz Kobaka.1 aKOBAKA, Janusz.d2004 - .bPolitechnika Koszalińska - Wydział Budownictwa i Inżynierii Środowiska,cLaboratorium Techniki Budowlanej22aInnovative Concrete Technology in Practicen(5 ;d2009 ;cBaden).0 iW :tThe 5th Central European Congress on Concrete Engineering “Innovative Concrete Technology in Practice”. dBaden, 2009. -gs. 298-301 cROZ2UKD c8650d8650